[Event "Bergamo Province-ch"]
[Site "Bergamo"]
[Date "2003.11.21"]
[Round "7"]
[White "Riggio, Mauro"]
[Black "Citerio, Fabio"]
[Result "0-1"]
[WhiteElo "1714"]
[BlackElo "1599"]
[PlyCount "124"]
[EventDate "2003.10.10"]
[EventType "swiss"]
[EventRounds "8"]
[EventCountry "ITA"]
[SourceTitle "EXT 2023"]
[Source "ChessBase"]
[SourceDate "2022.10.05"]
[SourceVersion "1"]
[SourceVersionDate "2022.10.05"]
[SourceQuality "1"]

1. e4 e6 2. d4 d5 3. Nd2 b6 4. e5 c5 5. c3 Nc6 6. Bd3 cxd4 7. cxd4 Bd7 8. Ngf3 f5 9. 0-0 Nge7 10. Nb3 Ng6 11. Ng5 Be7 12. Qh5 Bxg5 13. Bxg5 Nce7 14. Rac1 0-0 15. Rc3 Rc8 16. Rfc1 Rxc3 17. Rxc3 h6 18. Bd2 Be8 19. Qe2 Nc6 20. Ba6 Qh4 21. Rh3 Qe4 22. Qxe4 fxe4 23. Bc8 Bf7 24. Bb7 Nge7 25. a3 Rb8 26. Ba6 Nf5 27. Bc3 Be8 28. g4 Nfe7 29. f4 Bg6 30. Rg3 Rf8 31. Bd2 Kh7 32. Rc3 Be8 33. Kg2 g6 34. Bb7 Nd8 35. Rc7 Rf7 36. Ba6 Ba4 37. Nc1 Nec6 38. Rxf7+ Nxf7 39. b3 Nb8 40. Be2 Bd7 41. b4 Ba4 42. h4 Nc6 43. Be3 a5 44. bxa5 Nxa5 45. Na2 Bb3 46. Nb4 Nd8 47. Bb5 Nc4 48. Bc1 Kg7 49. Kg3 Kf7 50. f5 gxf5 51. gxf5 exf5 52. Nxd5 Nxa3 53. Bxa3 Bxd5 54. Kf4 Ne6+ 55. Ke3 f4+ 56. Kf2 Nxd4 57. Ba4 e3+ 58. Ke1 Nf3+ 59. Kd1 Nxe5 60. Bd6 Ke6 61. Bc7 f3 62. Bxb6 e2+ 0-1

[Event "Bergamo Province-ch"]
[Site "Bergamo"]
[Date "2003.11.07"]
[Round "5"]
[White "Villa, Claudio"]
[Black "Citerio, Fabio"]
[Result "1/2-1/2"]
[WhiteElo "1728"]
[BlackElo "1599"]
[PlyCount "88"]
[EventDate "2003.10.10"]
[EventType "swiss"]
[EventRounds "8"]
[EventCountry "ITA"]
[SourceTitle "EXT 2023"]
[Source "ChessBase"]
[SourceDate "2022.10.05"]
[SourceVersion "1"]
[SourceVersionDate "2022.10.05"]
[SourceQuality "1"]

1. b3 e5 2. Bb2 Nc6 3. c4 Bc5 4. Nc3 Nf6 5. e3 d5 6. cxd5 Nxd5 7. a3 Be6 8. b4 Bd6 9. Bb5 0-0 10. Nge2 Nxc3 11. Bxc3 Ne7 12. 0-0 Ng6 13. Ng3 f5 14. Be2 Qg5 15. Rc1 Nh4 16. Bxe5 Bxe5 17. f4 Bxf4 18. Rxf4 Ng6 19. Rf2 c6 20. Qf1 Rad8 21. Bc4 Bxc4 22. Rxc4 Rd5 23. Rc3 a5 24. Qc4 axb4 25. axb4 Kh8 26. Ra3 Ne5 27. Qf4 Qxf4 28. Rxf4 Nd3 29. Rxf5 Rdxf5 30. Nxf5 Nxb4 31. Nd6 Rb8 32. Nxb7 h6 33. Nc5 Rd8 34. Rb3 Nd5 35. e4 Nf4 36. d3 Kg8 37. g3 Ne2+ 38. Kf2 Nd4 39. Rb7 Rf8+ 40. Kg2 g5 41. Rd7 Nc2 42. Rd6 Kh7 43. g4 Ne3+ 44. Kg3 Nf1+ 1/2-1/2